Solutions Manual to accompany Fundamentals of Corporate Finance : (Record no. 595219)

MARC details
000 -LEADER
fixed length control field 00514nam a2200181 a 4500
008 - FIXED-LENGTH DATA ELEMENTS--GENERAL INFORMATION
fixed length control field 251102s2008##################000#0#eng##
020 ## - INTERNATIONAL STANDARD BOOK NUMBER
ISBN 9780077265960
082 04 - DEWEY DECIMAL CLASSIFICATION NUMBER
Classification number 658.15
Item number BRE
100 1# - MAIN ENTRY--AUTHOR NAME
Personal name Brealey, Richard,
245 10 - TITLE STATEMENT
Title Solutions Manual to accompany Fundamentals of Corporate Finance :
260 ## - PUBLICATION, DISTRIBUTION, ETC. (IMPRINT)
Name of publisher McGraw-Hill/Irwin,
Year of publication 2008.
650 #0 - SUBJECT ADDED ENTRY--TOPICAL TERM
Topical Term Corporations.
942 ## - ADDED ENTRY ELEMENTS (KOHA)
Koha item type English Books
Holdings
Withdrawn status Lost status Damaged status Not for loan Home library Current library Shelving location Date acquired Full call number Accession Number Price effective from Koha item type
        Anna Centenary Library Anna Centenary Library 6TH FLOOR, A WING 02.11.2025 658.15 BRE 403480 02.11.2025 English Books

Find us on the map